| 000 | 00619nam a22001457a 4500 | ||
|---|---|---|---|
| 020 | _a0-7497-0807-7 | ||
| 082 |
_a823 _bBLY/H |
||
| 100 | _aENID BLYTON | ||
| 245 | _aTHE HIDEY - HOLE | ||
| 260 |
_aLONDON _bMAMMOTH _c1964 |
||
| 300 | _a78 | ||
| 520 | _aBOBBY, BETTY AND JOCKO GO BLACKBERRYING, AND INSTEAD OF FINDING BLACKBERRIES, THEY FIND A WONDERFUL HIDEY-HOLE - THE PERFECT PLACE FOR SECRET MEETINGS! BUT WHEN A LOCAL MAN IS BURGLES, THE CHILDREN DISCOVER THAT SOMEONE ELSE HAS BEEN USING THEIR HIDEY-HOLE. THEIR EXCITING ADVENTURES ARE ABOUT TO BEGIN! | ||
| 650 |
_aCHILDREN'S STORY BOOK _zUNITED KINGDOM |
||
| 942 | _cBK | ||
| 999 |
_c209 _d209 |
||